| 000 | 00589cam a2200205 4500500 | ||
|---|---|---|---|
| 005 | 20260329005214.0 | ||
| 041 | _afre | ||
| 042 | _adc | ||
| 245 | 0 | 0 | _aLa Caverne originelle |
| 260 | _c2022. | ||
| 500 | _a4 | ||
| 690 | _aAllégorie de la caverne | ||
| 690 | _aArt pariétal | ||
| 690 | _aCaverne | ||
| 690 | _aMythe | ||
| 690 | _aPréhistoire | ||
| 690 | _aReprésentation | ||
| 786 | 0 | _nPhilosophie magazine | 163 | 10 | 2022-10-01 | p. 64-64 | 1951-1787 | |
| 856 | 4 | 1 | _uhttps://shs.cairn.info/magazine-philosophie-magazine-2022-10-page-64?lang=fr&redirect-ssocas=7080 |
| 999 |
_c1841318 _d1841318 |
||